000 00650pam a2200253 i 4500
001 1791668
003 LC
005 20160317141816.0
008 780821s1979 nyu 000 1 eng
010 _a 78011949
020 _a9780749310721
040 _aDLC
_cDLC
_dDLC
050 0 0 _aPZ 4
_b.W516 1992
082 0 0 _aFIC
_bW52p 1979
100 1 _aWest, Morris L.,
_d1916-
_918990
245 1 0 _aProteus /
_cMorris West.
250 _a1st ed.
260 _aLondon :
_bMandarin,
_cc1992.
300 _a324 p. :
_c18 cm.
650 _aProteus.
_918991
906 _a7
_bcbc
_corignew
_d1
_eocip
_f19
_gy-gencatlg
942 _2lcc
_cBK
999 _c11112
_d11112